مكتبة جامعة عجلون الوطنية

فهرس بحث المكتبة

Normal view MARC view
  • العلوم الإجتماعية-التعليم الخاص

Entry Topical Term

Number of records used in: 1

001 - CONTROL NUMBER

  • control field: 26075

003 - CONTROL NUMBER IDENTIFIER

  • control field: JO-AjAnu

005 - DATE AND TIME OF LATEST TRANSACTION

  • control field: 20230606074440.0

008 - FIXED-LENGTH DATA ELEMENTS

  • fixed length control field: 230606|| aca||aabn | a|a d

040 ## - CATALOGING SOURCE

  • Original cataloging agency: JO-AjAnu
  • Transcribing agency: JO-AjAnu

150 ## - HEADING--TOPICAL TERM

  • Topical term or geographic name entry element: العلوم الإجتماعية-التعليم الخاص

670 ## - SOURCE DATA FOUND

  • Source citation: Work cat.: (JO-AjAnu)13402: القمش،مصطفى مؤلف/البواليز،محمد م.مشارك/المعايطة،خليل م.مشارك, author 26074, القياس والتقويم في التربية الخاصة